[Event "C.to Provinciale KR 2010"]
[Site "Crotone ITA"]
[Date "2010.02.27"]
[Round "1"]
[White "Frontera, Domenico"]
[Black "Mano, Dionigi"]
[Result "1-0"]
[WhiteElo "1753"]
[BlackElo "1640"]
[PlyCount "95"]
[EventDate "2010.02.27"]

1. e4 e6 2. d4 d5 3. exd5 exd5 4. Bd3 Nf6 5. Nc3 Be7 6. Bf4 c6 7. Nge2 O-O 8.
Qd2 Bd7 9. h3 b5 10. O-O a5 11. Ng3 Na6 12. Nce2 Nb4 13. Bf5 Bxf5 14. Nxf5 Ne4
15. Qd1 Re8 16. c3 Na6 17. Neg3 Ng5 18. Qg4 Ne6 19. Nxe7+ Qxe7 20. Nf5 Qf6 21.
Be5 Qg6 22. Qxg6 hxg6 23. Nd6 Re7 24. h4 Rd8 25. f3 Nac7 26. Nb7 Ra8 27. Rae1
Ne8 28. Nd6 Nf6 29. g4 Nd7 30. Bg3 Nb6 31. f4 Rd7 32. f5 gxf5 33. Nxf5 Nc4 34.
b3 Nd2 35. Rf2 Ne4 36. Rf3 Nxg3 37. Rxg3 Nf4 38. Rge3 Ne6 39. h5 Kf8 40. h6
gxh6 41. Nxh6 Kg7 42. Nxf7 Nf4 43. Ne5 Rc7 44. Rf3 Ng6 45. Nxg6 Kxg6 46. Re6+
Kg5 47. Kg2 c5 48. Kg3 1-0

[Event "C.to Provinciale KR 2010"]
[Site "Crotone ITA"]
[Date "2010.02.27"]
[Round "1"]
[White "Manfredi, Candido"]
[Black "Levato, Biagio"]
[Result "1-0"]
[WhiteElo "1704"]
[BlackElo "1539"]
[PlyCount "91"]
[EventDate "2010.02.27"]

1. e4 Nf6 2. Nc3 d5 3. exd5 Nxd5 4. Nxd5 Qxd5 5. Nf3 Nc6 6. Be2 Bf5 7. a3 O-O-O
8. O-O e5 9. d3 Be7 10. Be3 h6 11. b4 Bf6 12. c4 Qd7 13. Rb1 Nd4 14. Nxd4 exd4
15. Bf4 g5 16. Bg3 Bg6 17. f4 Kb8 18. Bg4 Bf5 19. Bxf5 Qxf5 20. Qf3 g4 21. Qe4
Qxe4 22. dxe4 h5 23. e5 h4 24. Bf2 Be7 25. g3 hxg3 26. Bxg3 Bh4 27. Rb3 d3 28.
Rd1 Bxg3 29. hxg3 Rh3 30. Rbxd3 Rxg3+ 31. Rxg3 Rxd1+ 32. Kf2 Kc8 33. Rxg4 Rd3
34. Rg3 Rd4 35. Ke3 Rxc4 36. f5 Rc3+ 37. Kf4 Rc4+ 38. Kg5 Kd7 39. Kf6 Re4 40.
Rg7 Ke8 41. Rxf7 Rxe5 42. Rxc7 Rb5 43. Kg6 Kd8 44. Rh7 Ke8 45. f6 Rb6 46. Kg7
1-0

[Event "C.to Provinciale KR 2010"]
[Site "Crotone ITA"]
[Date "2010.02.27"]
[Round "1"]
[White "Olivo, Paolo"]
[Black "Morelli, Gaetano"]
[Result "1-0"]
[WhiteElo "1676"]
[BlackElo "1879"]
[PlyCount "97"]
[EventDate "2010.02.27"]

1. e4 e5 2. Nf3 Nf6 3. Nxe5 d6 4. Nf3 Nxe4 5. Qe2 Qe7 6. d3 Nf6 7. Bg5 Be6 8.
Nc3 Nc6 9. g3 g6 10. Bg2 Bg7 11. O-O Qd7 12. Rfe1 O-O 13. Qd2 Ng4 14. d4 d5 15.
h3 Nf6 16. Kh2 a6 17. Ne5 Qd6 18. Bf4 Qb4 19. Nxc6 bxc6 20. Rab1 Ne8 21. Red1
Nd6 22. a3 Qb7 23. b3 Rfe8 24. Na4 Nb5 25. Nc5 Qb6 26. Be3 Nxa3 27. Ra1 Nb5 28.
Nxe6 fxe6 29. c4 Na7 30. Rdb1 Qb7 31. Ra4 Nc8 32. Rb4 Qa7 33. c5 e5 34. Bf1
exd4 35. Bxd4 Bxd4 36. Qxd4 Re4 37. Qc3 Rxb4 38. Qxb4 a5 39. Qc3 a4 40. bxa4
Qxa4 41. Re1 Kf7 42. Qf3+ Kg7 43. Re6 Qd4 44. Rxc6 Qe5 45. Qg4 Ra2 46. Kg1 Qe1
47. Rxc7+ Ne7 48. Qd4+ Kh6 49. Qh4+ 1-0

[Event "C.to Provinciale KR 2010"]
[Site "Crotone ITA"]
[Date "2010.02.28"]
[Round "2"]
[White "Guzzo, Giovanni"]
[Black "Olivo, Paolo"]
[Result "0-1"]
[WhiteElo "1741"]
[BlackElo "1676"]
[PlyCount "118"]
[EventDate "2010.02.27"]

1. e4 c5 2. Nf3 d6 3. g3 Nc6 4. Bg2 Bg4 5. d3 Nf6 6. O-O Nd4 7. Nbd2 e5 8. c3
Nc6 9. Qc2 Be7 10. b3 Qd7 11. Re1 O-O 12. Bb2 b5 13. d4 cxd4 14. cxd4 Rac8 15.
Qb1 Qc7 16. Rc1 Qb8 17. a3 Bd8 18. Qd3 a6 19. Nf1 Bxf3 20. Bxf3 Bb6 21. d5 Nd4
22. Bg2 Qa7 23. Ne3 Nd7 24. b4 g6 25. Bxd4 Bxd4 26. Rab1 Nb6 27. Kh1 Rc7 28.
Nd1 Rfc8 29. Rxc7 Rxc7 30. Bf1 Nc4 31. Kg2 Kg7 32. Be2 h5 33. h3 f6 34. h4 Qb8
35. f4 Qa7 36. f5 Rc8 37. fxg6 Kxg6 38. Qf3 Qh7 39. Qf5+ Kg7 40. Bxh5 Qxf5 41.
exf5 Nd2 42. Nf2 Nxb1 43. Ne4 Rd8 44. g4 Nxa3 45. g5 fxg5 46. Nxg5 Kf6 47. Bg4
Nc2 48. Nh7+ Kg7 49. Ng5 Rc8 50. Ne6+ Kh6 51. Ng5 Ne3+ 52. Kf3 Nxg4 53. Kxg4
Bc3 54. Ne6 Bxb4 55. Ng5 a5 56. Nf7+ Kg7 57. Ng5 a4 58. h5 a3 59. Ne6+ Kh6 0-1

[Event "C.to Provinciale KR 2010"]
[Site "Crotone ITA"]
[Date "2010.02.28"]
[Round "2"]
[White "Mano, Dionigi"]
[Black "Chiofalo, Gianfranco"]
[Result "1-0"]
[WhiteElo "1640"]
[BlackElo "1582"]
[PlyCount "55"]
[EventDate "2010.02.27"]

1. d4 d5 2. c4 Nf6 3. Nc3 dxc4 4. e3 Bf5 5. Bxc4 e6 6. Nge2 Bb4 7. Bd2 h6 8.
O-O O-O 9. Rc1 Nc6 10. a3 Bd6 11. h3 Qe7 12. Ba2 e5 13. dxe5 Qxe5 14. Ng3 Ne4
15. Ncxe4 Bxe4 16. Bc3 Qe7 17. Qg4 Bg6 18. Nf5 Qg5 19. Qxg5 hxg5 20. Nxd6 cxd6
21. Rfd1 Rad8 22. Rd5 Be4 23. Rxg5 g6 24. f3 Bf5 25. e4 Be6 26. Bxe6 fxe6 27.
Rxg6+ Kf7 28. Rg7+ 1-0

[Event "C.to Provinciale KR 2010"]
[Site "Crotone ITA"]
[Date "2010.02.28"]
[Round "2"]
[White "Morelli, Gaetano"]
[Black "Grano, Giuseppe"]
[Result "1/2-1/2"]
[WhiteElo "1879"]
[BlackElo "1715"]
[PlyCount "114"]
[EventDate "2010.02.27"]

1. e4 c5 2. Nf3 d6 3. d4 cxd4 4. Nxd4 Nf6 5. Nc3 a6 6. Bc4 e6 7. Bg5 Be7 8. f4
Nc6 9. Qd2 Bd7 10. O-O O-O 11. Kh1 b5 12. Ndxb5 axb5 13. Bxb5 Rb8 14. a4 Ne8
15. Rad1 h6 16. Bxe7 Qxe7 17. f5 Ne5 18. b3 Bxb5 19. Nxb5 Rb6 20. c4 Nd7 21. b4
Ndf6 22. Qd4 Rc6 23. Na3 e5 24. Qd3 Qb7 25. b5 Rc5 26. Rfe1 Qa8 27. Qc2 Nd7 28.
Rf1 Nb6 29. f6 Qxa4 30. fxg7 Kxg7 31. Qxa4 Nxa4 32. Rd5 Rxd5 33. cxd5 Nf6 34.
Nc4 Nxe4 35. Ra1 Nac3 36. b6 Nc5 37. Nxd6 Nxd5 38. b7 e4 39. Ra5 Nxb7 40. Nf5+
Kg6 41. Rxd5 Re8 42. Ne3 Rc8 43. Kg1 Rc5 44. Rd7 Rc1+ 45. Kf2 Nc5 46. Rd6+ f6
47. Ng4 Nd3+ 48. Ke3 Re1+ 49. Kd2 Rf1 50. Ke3 Rf4 51. Ne5+ Kf5 52. Nxd3 exd3
53. Rxd3 Rh4 54. h3 Kg5 55. Kf2 Ra4 56. Kg3 h5 57. h4+ Kg6 1/2-1/2

[Event "C.to Provinciale KR 2010"]
[Site "Crotone ITA"]
[Date "2010.02.28"]
[Round "2"]
[White "Scerra, Ezio"]
[Black "Manfredi, Candido"]
[Result "0-1"]
[WhiteElo "1320"]
[BlackElo "1704"]
[PlyCount "96"]
[EventDate "2010.02.27"]

1. d4 g6 2. c4 Bg7 3. Nc3 d6 4. Nf3 Bg4 5. Bf4 Nd7 6. e4 Bxf3 7. gxf3 e5 8. Be3
exd4 9. Bxd4 Ngf6 10. f4 c5 11. Be3 Qe7 12. f3 a6 13. Qc2 Nh5 14. O-O-O Ndf6
15. Bd3 O-O-O 16. Be2 Kb8 17. Bd3 Rc8 18. Rhe1 Rhd8 19. Nd5 Nxd5 20. exd5 Qd7
21. Kb1 f5 22. Re2 Re8 23. Rde1 Re7 24. Bd2 Rce8 25. Rxe7 Rxe7 26. b4 Rxe1+ 27.
Bxe1 Nxf4 28. Bf1 Qc7 29. Bd2 Nh5 30. Qa4 Qb6 31. Qe8+ Ka7 32. a3 cxb4 33. Be3
Bd4 34. Bxd4 Qxd4 35. Qa4 bxa3 36. Qxa3 Qe5 37. Ka2 Qxh2+ 38. Kb3 Qe5 39. Kb4
Qe1+ 40. Kb3 Qxf1 41. Qxd6 Qxf3+ 42. Kb4 Qe3 43. Qc5+ Qxc5+ 44. Kxc5 Kb8 45.
Kb6 Nf6 46. d6 Nd7+ 47. Ka5 f4 48. Kb4 f3 0-1

[Event "C.to Provinciale KR 2010"]
[Site "Crotone ITA"]
[Date "2010.02.28"]
[Round "3"]
[White "Grano, Giuseppe"]
[Black "Frontera, Domenico"]
[Result "0-1"]
[WhiteElo "1715"]
[BlackElo "1753"]
[PlyCount "88"]
[EventDate "2010.02.27"]

1. Nf3 d5 2. d4 e6 3. c3 Nf6 4. Bg5 Nbd7 5. e3 Be7 6. Bd3 h6 7. Bxf6 Nxf6 8.
Nbd2 O-O 9. Qe2 c5 10. O-O c4 11. Bc2 b5 12. e4 dxe4 13. Nxe4 Bb7 14. Rfe1 Bd5
15. Rad1 a5 16. Ne5 Qc7 17. Nxf6+ Bxf6 18. Ng4 Qf4 19. Nxf6+ Qxf6 20. Bb1 Qg5
21. f3 f5 22. Qf2 b4 23. Bc2 Qf4 24. Re3 bxc3 25. bxc3 Rab8 26. Rb1 Rxb1+ 27.
Bxb1 Rb8 28. Re1 Qd6 29. Qg3 Qb6 30. Qg6 Qb2 31. Bxf5 exf5 32. Qxf5 Bf7 33.
Qxa5 Qd2 34. Qe5 Rb2 35. Qg3 Rxa2 36. Qb8+ Kh7 37. Qg3 Qxc3 38. Qh4 Qd2 39. Qg3
c3 40. h3 c2 41. Re7 c1=Q+ 42. Kh2 Qxg2+ 43. Qxg2 Rxg2+ 44. Kxg2 Qg5+ 0-1

[Event "C.to Provinciale KR 2010"]
[Site "Crotone ITA"]
[Date "2010.02.28"]
[Round "3"]
[White "Guzzo, Giovanni"]
[Black "Scerra, Ezio"]
[Result "1/2-1/2"]
[WhiteElo "1741"]
[BlackElo "1320"]
[PlyCount "50"]
[EventDate "2010.02.27"]

1. e4 d5 2. exd5 Qxd5 3. Nc3 Qa5 4. d4 c6 5. Nf3 Nf6 6. Bd3 Bg4 7. O-O Nbd7 8.
h3 Bh5 9. a3 e6 10. Be2 O-O-O 11. Be3 Qc7 12. b4 Bd6 13. Qb1 Nd5 14. Nxd5 exd5
15. Rc1 Bg6 16. Qb3 Bf4 17. c4 Bxe3 18. fxe3 dxc4 19. Bxc4 f6 20. Be2 Be4 21.
a4 Bd5 22. Qc3 Nf8 23. Qd3 Qg3 24. e4 Be6 25. Kh1 Ng6 1/2-1/2

[Event "C.to Provinciale KR 2010"]
[Site "Crotone ITA"]
[Date "2010.02.28"]
[Round "3"]
[White "Levato, Biagio"]
[Black "Morelli, Gaetano"]
[Result "0-1"]
[WhiteElo "1539"]
[BlackElo "1879"]
[PlyCount "56"]
[EventDate "2010.02.27"]

1. d4 d5 2. e4 dxe4 3. Nc3 Bf5 4. f3 exf3 5. Nxf3 e6 6. Ne5 Bb4 7. Qf3 c6 8.
Be3 Ne7 9. Bd3 O-O 10. O-O Nd7 11. Ne4 Nd5 12. c3 Ba5 13. Bd2 Bb6 14. Kh1 Nxe5
15. dxe5 Ne7 16. g4 Bxg4 17. Nf6+ gxf6 18. Qxg4+ Ng6 19. exf6 Qxd3 20. Rad1
Qd5+ 21. Rf3 Rfd8 22. Qg2 Rd7 23. Qh3 Be3 24. Qg2 Bxd2 25. h4 Rad8 26. h5 Qxh5+
27. Qh3 Qxh3+ 28. Rxh3 Bg5 0-1

[Event "C.to Provinciale KR 2010"]
[Site "Crotone ITA"]
[Date "2010.02.28"]
[Round "3"]
[White "Manfredi, Candido"]
[Black "Olivo, Paolo"]
[Result "0-1"]
[WhiteElo "1704"]
[BlackElo "1676"]
[PlyCount "98"]
[EventDate "2010.02.27"]

1. e4 c5 2. Nf3 d6 3. d4 cxd4 4. Nxd4 Nf6 5. Nc3 a6 6. Bd3 e5 7. Nde2 Nbd7 8.
O-O Be7 9. f4 Ng4 10. Nd5 Ndf6 11. Nec3 Nxd5 12. Nxd5 h5 13. f5 Bh4 14. Qf3 Bd7
15. h3 Nf6 16. g3 Nxd5 17. exd5 Bf6 18. Rb1 Qa5 19. a3 O-O-O 20. b4 Qa4 21. Be3
Kb8 22. Qe4 Be7 23. Rb3 g6 24. f6 Bf8 25. Kh2 Bh6 26. h4 Bf5 27. Rxf5 gxf5 28.
Qg2 Bxe3 29. Bxf5 Bc1 30. Qf3 Rh6 31. Be4 Rg8 32. c4 Bf4 33. gxf4 exf4 34. Rb2
Rg3 35. Qxf4 Qxa3 36. Qxd6+ Ka8 37. Qxg3 Qxb2+ 38. Qg2 Qe5+ 39. Kh3 Rxf6 40.
Qg5 Qc3+ 41. Qg3 Qxc4 42. d6 Qxe4 43. Qg8+ Ka7 44. Qg1+ b6 45. d7 Rf3+ 46. Kh2
Qxh4+ 47. Kg2 Rg3+ 48. Kf2 Rxg1+ 49. Kxg1 Qd4+ 0-1

[Event "C.to Provinciale KR 2010"]
[Site "Crotone ITA"]
[Date "2010.03.04"]
[Round "4"]
[White "Chiofalo, Gianfranco"]
[Black "Levato, Biagio"]
[Result "0-1"]
[WhiteElo "1582"]
[BlackElo "1539"]
[PlyCount "68"]
[EventDate "2010.02.27"]

1. e4 c5 2. Nf3 Nc6 3. d4 cxd4 4. Nxd4 Nxd4 5. Qxd4 e6 6. Bc4 a6 7. Nc3 Qc7 8.
b3 Ne7 9. Qd1 b5 10. Nxb5 axb5 11. Bxb5 Qa5+ 12. c3 Qxb5 13. c4 Qe5 14. Be3 Nc6
15. O-O Qxe4 16. Qe2 Bb4 17. Rad1 O-O 18. f3 Qg6 19. f4 d5 20. cxd5 Ba6 21. Qf3
Bxf1 22. dxc6 Rxa2 23. Kxf1 Rc2 24. Bb6 e5 25. fxe5 Qxc6 26. Qxc6 Rxc6 27. Bf2
Rfc8 28. Be3 Rc3 29. Ke2 Rxb3 30. Kf3 h6 31. Kf4 Rb2 32. Kg3 Rc3 33. Kf3 Rbb3
34. Re1 Bc5 0-1

[Event "C.to Provinciale KR 2010"]
[Site "Crotone ITA"]
[Date "2010.03.04"]
[Round "4"]
[White "Manfredi, Candido"]
[Black "Guzzo, Giovanni"]
[Result "1/2-1/2"]
[WhiteElo "1704"]
[BlackElo "1741"]
[PlyCount "87"]
[EventDate "2010.02.27"]

1. e4 e6 2. d4 d5 3. exd5 exd5 4. Nf3 Bd6 5. Bd3 Ne7 6. O-O O-O 7. h3 c6 8. c3
Ng6 9. Be3 Nd7 10. Nbd2 f5 11. Bg5 Qe8 12. Nb3 b6 13. Re1 Qf7 14. Nh4 Nxh4 15.
Bxh4 Nf6 16. Nd2 Ne4 17. f3 Nf6 18. Nf1 Qh5 19. Bg3 f4 20. Bh2 Qg5 21. Kh1 Nh5
22. Qd2 h6 23. Re2 Bd7 24. Rae1 Rae8 25. Rxe8 Rxe8 26. Rxe8+ Bxe8 27. c4 Bg6
28. cxd5 Bxd3 29. Qxd3 Qxd5 30. b3 c5 31. Qa6 Qf7 32. Qc8+ Kh7 33. Qg4 cxd4 34.
Nd2 Nf6 35. Qf5+ g6 36. Qd3 Be5 37. Nc4 Qe6 38. Nxe5 Qxe5 39. Bg1 Nh5 40. Bxd4
Ng3+ 41. Kh2 Qe1 42. Bg1 Nf1+ 43. Kh1 Ng3+ 44. Kh2 1/2-1/2

[Event "C.to Provinciale KR 2010"]
[Site "Crotone ITA"]
[Date "2010.03.04"]
[Round "4"]
[White "Olivo, Paolo"]
[Black "Frontera, Domenico"]
[Result "1-0"]
[WhiteElo "1676"]
[BlackElo "1753"]
[PlyCount "103"]
[EventDate "2010.02.27"]

1. e4 c5 2. Nf3 a6 3. d4 cxd4 4. Nxd4 e5 5. Nf5 d5 6. Ng3 d4 7. c3 Nc6 8. cxd4
Bb4+ 9. Bd2 Qxd4 10. Bxb4 Qxd1+ 11. Kxd1 Nxb4 12. Nc3 Be6 13. Nf5 Bxf5 14. exf5
Ne7 15. a3 O-O-O+ 16. Kc1 Nd3+ 17. Bxd3 Rxd3 18. g4 h5 19. Kc2 Rd4 20. Rae1 f6
21. g5 Nxf5 22. gxf6 gxf6 23. Re4 Rhd8 24. Rxd4 Nxd4+ 25. Kd3 f5 26. Ke3 Rg8
27. f4 Nc2+ 28. Kd3 Nd4 29. fxe5 Nf3 30. e6 Kd8 31. Nd5 Rg2 32. Ke3 Ng5 33. e7+
Ke8 34. Rc1 f4+ 35. Kxf4 Ne6+ 36. Kf3 Rg8 37. Nf6+ Kxe7 38. Nxg8+ Kf7 39. Rg1
Nc5 40. Nh6+ Kf6 41. Rg2 Nd3 42. Ke4 Nc5+ 43. Kd5 Nd3 44. Kd6 Ne1 45. Ng8+ Kf7
46. Rg3 h4 47. Rg4 h3 48. Ne7 Nd3 49. b3 Kf6 50. Rg3 Nf4 51. Nd5+ Nxd5 52. Kxd5
1-0

[Event "C.to Provinciale KR 2010"]
[Site "Crotone ITA"]
[Date "2010.03.07"]
[Round "5"]
[White "Frontera, Domenico"]
[Black "Manfredi, Candido"]
[Result "1-0"]
[WhiteElo "1753"]
[BlackElo "1704"]
[PlyCount "145"]
[EventDate "2010.02.27"]

1. e4 c5 2. Nf3 Nc6 3. d4 cxd4 4. Nxd4 e5 5. Nb5 d6 6. N1c3 a6 7. Na3 Be6 8.
Bc4 Nf6 9. Bg5 Bxc4 10. Nxc4 b5 11. Ne3 Be7 12. Bxf6 Bxf6 13. Ncd5 O-O 14. c3
Bg5 15. Qd3 Bxe3 16. Nxe3 Ra7 17. Rd1 Rd7 18. O-O Qb8 19. Nd5 a5 20. Qg3 f5 21.
f3 f4 22. Qf2 b4 23. Rd3 a4 24. Nb6 Ra7 25. Rfd1 Rd8 26. Nc4 Rad7 27. Qb6 Qxb6+
28. Nxb6 Rb7 29. Nxa4 Ra7 30. b3 bxc3 31. Nxc3 Nd4 32. R1d2 Rda8 33. b4 Ra3 34.
b5 Kf7 35. b6 Ke6 36. Nd5 Rxd3 37. b7 Rb8 38. Rxd3 Rxb7 39. Nxf4+ exf4 40. Rxd4
Rb1+ 41. Kf2 Rb2+ 42. Kf1 Rxa2 43. Rd3 Ra1+ 44. Kf2 Ra2+ 45. Kf1 Ra1+ 46. Ke2
Ra2+ 47. Rd2 Ra3 48. Kd1 Re3 49. Rd5 Ra3 50. Rf5 Ra1+ 51. Ke2 Ra2+ 52. Kd3 Rxg2
53. h4 Rg3 54. Rxf4 g5 55. hxg5 Rxg5 56. Rh4 Rg7 57. Kd4 Rf7 58. f4 h5 59. f5+
Kd7 60. Rxh5 Kc6 61. Rh6 Rf8 62. Rh1 Ra8 63. Rc1+ Kd7 64. Rf1 Ra4+ 65. Ke3 Ke7
66. Rd1 Ra5 67. Kf4 Re5 68. Rd5 Rxd5 69. exd5 Kf6 70. Kg4 Ke5 71. Kg5 Kxd5 72.
f6 Ke6 73. Kg6 1-0

[Event "C.to Provinciale KR 2010"]
[Site "Crotone ITA"]
[Date "2010.03.07"]
[Round "5"]
[White "Guzzo, Giovanni"]
[Black "Grano, Giuseppe"]
[Result "1-0"]
[WhiteElo "1741"]
[BlackElo "1715"]
[PlyCount "137"]
[EventDate "2010.02.27"]

1. Nf3 Nf6 2. g3 g6 3. Bg2 Bg7 4. O-O O-O 5. d3 d5 6. Nbd2 c6 7. c3 Nbd7 8. b3
Re8 9. Bb2 Qc7 10. c4 e5 11. cxd5 cxd5 12. Rc1 Qb6 13. a3 a6 14. Rc2 e4 15.
dxe4 Nxe4 16. Bxg7 Kxg7 17. Nxe4 dxe4 18. Nd4 Nf6 19. Qa1 Kg8 20. Rfc1 Bd7 21.
e3 Rac8 22. Rxc8 Rxc8 23. Rxc8+ Bxc8 24. Qc1 Bd7 25. Qc2 Bc6 26. Nxc6 Qxc6 27.
Qxc6 bxc6 28. h3 g5 29. b4 Kf8 30. Bf1 Ke7 31. Bxa6 Nd7 32. Kf1 Kd6 33. Ke2 h5
34. f4 f6 35. Bc4 Nb6 36. Bb3 c5 37. bxc5+ Kxc5 38. Kd2 Nc8 39. h4 gxh4 40.
gxh4 Ne7 41. Bf7 Nf5 42. Bxh5 Nxh4 43. Be2 Nf5 44. Bg4 Nd6 45. Be2 Nb7 46. Kc3
Nd6 47. a4 f5 48. a5 Nc8 49. Bf1 Ne7 50. Bc4 Nc8 51. Be6 Ne7 52. a6 Kb6 53. Bc4
Nc6 54. Be6 Ne7 55. Kd4 Nc6+ 56. Kd5 Kc7 57. Bxf5 Nb4+ 58. Kxe4 Nxa6 59. Kd4
Kd8 60. Bd3 Nc7 61. f5 Ne8 62. e4 Ke7 63. e5 Nc7 64. Bc4 Ne8 65. Kc5 Nc7 66.
f6+ Kf8 67. Kd6 Na8 68. Kc6 Ke8 69. Kb7 1-0

[Event "C.to Provinciale KR 2010"]
[Site "Crotone ITA"]
[Date "2010.03.07"]
[Round "5"]
[White "Levato, Biagio"]
[Black "Olivo, Paolo"]
[Result "0-1"]
[WhiteElo "1539"]
[BlackElo "1676"]
[PlyCount "74"]
[EventDate "2010.02.27"]

1. d4 Nf6 2. f3 e6 3. e4 d5 4. Bd3 c5 5. Bg5 c4 6. Be2 h6 7. Bh4 Qa5+ 8. Qd2
Bb4 9. c3 Be7 10. e5 g5 11. exf6 Bxf6 12. Bg3 Nc6 13. Bf2 Bd7 14. Bd1 O-O-O 15.
Ne2 h5 16. a4 Be7 17. b3 h4 18. b4 Qc7 19. b5 Na5 20. Nc1 Bd6 21. Na2 g4 22.
Nc1 f5 23. fxg4 fxg4 24. Bxg4 Bxh2 25. Na3 b6 26. Nc2 Bg3 27. Ne3 Rdf8 28. Rf1
Rf6 29. Ra2 Rhf8 30. Bf3 h3 31. Bxg3 Qxg3+ 32. Qf2 Qg6 33. Ng4 Rf4 34. Qg1 Qb1
35. Ke2 Nb3 36. Ra3 Qb2+ 37. Ke3 Qd2# 0-1

[Event "C.to Provinciale KR 2010"]
[Site "Crotone ITA"]
[Date "2010.03.07"]
[Round "5"]
[White "Scerra, Ezio"]
[Black "Chiofalo, Gianfranco"]
[Result "1-0"]
[WhiteElo "1320"]
[BlackElo "1582"]
[PlyCount "48"]
[EventDate "2010.02.27"]

1. c4 e5 2. Nc3 Nf6 3. g3 Nc6 4. Bg2 Bb4 5. Nf3 b6 6. O-O Bb7 7. a3 Bxc3 8.
bxc3 Rb8 9. Re1 O-O 10. d3 e4 11. Ng5 exd3 12. exd3 Ne7 13. Ne4 Ng6 14. Bg5 d5
15. Bxf6 gxf6 16. cxd5 Bxd5 17. Nxf6+ Qxf6 18. Bxd5 Qxc3 19. Be4 Rbd8 20. Re2
c5 21. Rc2 Qd4 22. Rc4 Qd6 23. Qh5 Qf6 24. Rb1 Ne5 1-0

[Event "C.to Provinciale KR 2010"]
[Site "Crotone ITA"]
[Date "2010.03.07"]
[Round "6"]
[White "Frontera, Domenico"]
[Black "Guzzo, Giovanni"]
[Result "0-1"]
[WhiteElo "1753"]
[BlackElo "1741"]
[PlyCount "74"]
[EventDate "2010.02.27"]

1. e4 e6 2. d4 d5 3. exd5 exd5 4. Bd3 Bd6 5. Nc3 c6 6. Nge2 Ne7 7. Bg5 O-O 8.
Qd2 Nd7 9. h4 f6 10. Bf4 Nb6 11. O-O-O a5 12. g4 Bxg4 13. Rhg1 f5 14. Bg5 Qe8
15. Rde1 Qf7 16. Nf4 Bxf4 17. Qxf4 Ng6 18. Qg3 Bh5 19. Qd6 Qd7 20. Qxd7 Nxd7
21. Re6 Bg4 22. Ne2 Rae8 23. Rxe8 Rxe8 24. Ng3 Rf8 25. h5 Nh8 26. f4 g6 27. h6
Kf7 28. Re1 Re8 29. Kd2 Rxe1 30. Kxe1 Ke6 31. Kf2 Nf7 32. Nf1 Nf6 33. Kg3 Ne4+
34. Kh4 Nf2 35. Ne3 Nxd3 36. Nxg4 fxg4 37. cxd3 Kf5 0-1

[Event "C.to Provinciale KR 2010"]
[Site "Crotone ITA"]
[Date "2010.03.07"]
[Round "6"]
[White "Grano, Giuseppe"]
[Black "Chiofalo, Gianfranco"]
[Result "1-0"]
[WhiteElo "1715"]
[BlackElo "1582"]
[PlyCount "80"]
[EventDate "2010.02.27"]

1. Nf3 d5 2. d4 Nf6 3. c4 dxc4 4. e3 Bg4 5. Bxc4 e6 6. Qa4+ Nc6 7. Ne5 a6 8.
Nxc6 bxc6 9. Qxc6+ Nd7 10. Bxa6 Bb4+ 11. Nc3 O-O 12. Bd3 e5 13. Qc4 Bd6 14. O-O
Be6 15. Qc6 Qh4 16. Qe4 Qh5 17. Be2 Qh6 18. Qf3 e4 19. Qh5 Qxh5 20. Bxh5 f5 21.
Be2 Rf6 22. f3 exf3 23. Bxf3 Raf8 24. Nd5 Rh6 25. h3 Nf6 26. Nf4 Bd7 27. Nd5 g5
28. Nxf6+ Rfxf6 29. b3 g4 30. Bd5+ Kg7 31. e4 f4 32. hxg4 Bxg4 33. e5 Rf5 34.
Bxf4 Rh4 35. Bg3 Rhh5 36. Rxf5 Rxf5 37. Be4 Bb4 38. Bxf5 Bxf5 39. Rc1 Bd2 40.
Rxc7+ Kh6 1-0

[Event "C.to Provinciale KR 2010"]
[Site "Crotone ITA"]
[Date "2010.03.07"]
[Round "6"]
[White "Mano, Dionigi"]
[Black "Levato, Biagio"]
[Result "1/2-1/2"]
[WhiteElo "1640"]
[BlackElo "1539"]
[PlyCount "110"]
[EventDate "2010.02.27"]

1. d4 Nf6 2. c4 g6 3. Nc3 Bg7 4. e4 d6 5. Bd3 O-O 6. Nge2 e5 7. d5 Nh5 8. Be3
f5 9. Qc2 f4 10. Bd2 Nd7 11. O-O-O Nc5 12. f3 Nxd3+ 13. Qxd3 Nf6 14. g4 Nd7 15.
h4 Nc5 16. Qc2 a5 17. a4 Bd7 18. g5 Ra6 19. h5 Qxg5 20. Rdg1 Qf6 21. hxg6 hxg6
22. Nb5 Rc8 23. Kb1 c6 24. Nbc3 b5 25. dxc6 Be6 26. cxb5 Bb3 27. Qc1 Raa8 28.
Nd5 Qe6 29. Nb6 Ba2+ 30. Ka1 Nb3+ 31. Kxa2 Nxd2+ 32. Nc4 Nxc4 33. b3 Nb6 34.
Ka3 d5 35. Nc3 d4 36. Nd5 Qd6+ 37. Ka2 Nd7 38. Qd2 Nc5 39. Qh2 Rab8 40. Qh7+
Kf7 41. Qh3 Rh8 42. Qg4 Nd3 43. Rxh8 Rxh8 44. Rg2 Bf8 45. Qd7+ Kg8 46. Qxd6
Bxd6 47. Rxg6+ Kf7 48. Rxd6 Rh2+ 49. Kb1 Rb2+ 50. Ka1 Rf2 51. Rf6+ Kg7 52. c7
Rf1+ 53. Ka2 Rc1 54. b6 Rc2+ 55. Kb1 Rc1+ 1/2-1/2

[Event "Open del Forte A"]
[Site "Cinquale - Montignoso ITA"]
[Date "2010.03.06"]
[Round "3"]
[White "Napoli, Nicolo'"]
[Black "Venturino, Marco"]
[WhiteElo "2362"]
[BlackElo "2139"]
[Result "0-1"]
[PlyCount "86"]
[EventDate "2010.03.05"]

1. d4 d5 2. Bg5 h6 3. Bh4 c6 4. Nc3 Bf5 5. f3 g5 6. Bf2 Nf6 7. e3 Nbd7 8. Nge2
e5 9. h4 Bg7 10. Qd2 Qe7 11. O-O-O O-O-O 12. dxe5 Nxe5 13. Qd4 Nfg4 14. fxg4
Nd3+ 15. Qxd3 Bxd3 16. Rxd3 Qe6 17. Nd4 Qxg4 18. g3 Qd7 19. e4 dxe4 20. Nxe4
Qd5 21. Bg2 f5 22. Nb3 Qe5 23. Nc3 Rxd3 24. cxd3 Qd6 25. Kc2 Re8 26. Nc1 Bd4
27. Bxd4 Qxd4 28. Rf1 Qg4 29. hxg5 Qxg3 30. Bf3 hxg5 31. N1e2 Qh3 32. Rf2 g4
33. Bg2 Qh2 34. Nf4 Re3 35. Nd1 g3 36. Rd2 Re1 37. Bh3 Qg1 38. Bxf5+ Kb8 39.
Bg4 Rf1 40. Ng2 Qc5+ 41. Nc3 Rf2 42. Bh3 Qh5 43. Nf4 Rxf4 0-1

[Event "Open del Forte A"]
[Site "Cinquale - Montignoso ITA"]
[Date "2010.03.07"]
[Round "4"]
[White "Venturino, Marco"]
[Black "Efimov, Igor"]
[WhiteElo "2139"]
[BlackElo "2459"]
[Result "1/2-1/2"]
[PlyCount "85"]
[EventDate "2010.03.05"]

1. d4 d6 2. c4 e5 3. Nf3 Nd7 4. Nc3 g6 5. g3 Bg7 6. Bg2 Ngf6 7. O-O O-O 8. e4
c6 9. h3 Re8 10. Be3 exd4 11. Nxd4 Nc5 12. Qc2 Qe7 13. Rfe1 Bd7 14. f3 Nh5 15.
Kh2 Rad8 16. Nb3 Be6 17. Qe2 Qc7 18. f4 b6 19. Nxc5 bxc5 20. Rad1 Bc8 21. Rd2
Ba6 22. Red1 f5 23. e5 d5 24. Bxc5 Nxg3 25. Qf2 Nh5 26. Bd6 Rxd6 27. exd6 Qxd6
28. Nxd5 Bxc4 29. Ne3 Qe6 30. Nxc4 Qxc4 31. Rd8 Rxd8 32. Rxd8+ Bf8 33. b3 Qc3
34. Qf3 Qa5 35. Rc8 Kg7 36. Qxc6 Nxf4 37. Qc7+ Qxc7 38. Rxc7+ Kf6 39. Rxa7 h5
40. Kg3 g5 41. Ra6+ Ke5 42. Ra5+ Kf6 43. Ra6+ 1/2-1/2

[Event "Open del Forte A"]
[Site "Cinquale - Montignoso ITA"]
[Date "2010.03.07"]
[Round "5"]
[White "Mazzini, Mauro"]
[Black "Passerotti, Pierluigi"]
[WhiteElo "2087"]
[BlackElo "2251"]
[Result "1-0"]
[PlyCount "63"]
[EventDate "2010.03.05"]

1. e4 c5 2. Nf3 e6 3. d4 cxd4 4. Nxd4 a6 5. Be2 Nf6 6. Nc3 Qc7 7. O-O b5 8. Bf3
e5 9. Nd5 Nxd5 10. exd5 d6 11. Nb3 Be7 12. Bd2 Nd7 13. a4 bxa4 14. Rxa4 Nb6 15.
Ba5 Rb8 16. Rb4 Qa7 17. Qd2 Nd7 18. Ra1 O-O 19. Rxb8 Qxb8 20. Bb4 h6 21. Na5
Qc7 22. Nc6 Bg5 23. Qc3 Nf6 24. Qa3 Ne8 25. c4 f6 26. c5 dxc5 27. Bxc5 Rf7 28.
d6 Qd7 29. Bd5 Bb7 30. Ne7+ Qxe7 31. dxe7 Bxd5 32. Rd1 1-0

[Event "IV Festival A"]
[Site "Erba ITA"]
[Date "2010.03.05"]
[Round "1"]
[White "Annoni, Riccardo"]
[Black "Laketic, Gojko"]
[Result "1/2-1/2"]
[WhiteElo "2078"]
[BlackElo "2457"]
[PlyCount "37"]
[EventDate "2010.03.05"]

1. d4 d5 2. c4 c6 3. cxd5 cxd5 4. Nf3 Nf6 5. Nc3 Nc6 6. Bf4 e6 7. e3 Nh5 8. Bg5
Qb6 9. Bb5 h6 10. Bh4 Bd7 11. O-O g5 12. Bxc6 Bxc6 13. Ne5 Nf6 14. Na4 Qb5 15.
Nxc6 bxc6 16. Bg3 Ne4 17. Nc3 Nxc3 18. bxc3 Bg7 19. Rb1 1/2-1/2